[Event "AUTO-OPEN-1174"]
[Site "http://www.queenalice.com/game.php?id=642186"]
[Date "2009.8.25"]
[Round "2"]
[White "pviaro"]
[Black "Silver_Mosquito"]
[Result "0-1"]
[WhiteElo "2061"]
[BlackElo "2199"]

1. e4 c5 2. Nf3 Nc6 3. d4 cxd4 4. Nxd4 g6 5. c4 Nf6 6. Nc3 Nxd4 7. Qxd4 Bg7 8.
e5 Ng8 9. Bf4 Nh6 10. Qd2 Ng4 11. Qd5 Qb6 12. Nd1 h5 13. Be2 O-O 14. h3 Nh6 15.
Be3 Qc7 0-1

[Event "Challenge #01"]
[Site "http://www.queenalice.com/game.php?id=659059"]
[Date "2009.9.27"]
[Round "-"]
[White "Aylton"]
[Black "Silver_Mosquito"]
[Result "1-0"]
[WhiteElo "1908"]
[BlackElo "2207"]

1. d4 d5 2. Nf3 Nf6 3. e3 Bf5 4. c4 c6 5. a3 e6 6. Nc3 Bd6 7. Bd3 Bxd3 8. Qxd3
Nbd7 9. O-O O-O 10. h3 Re8 11. cxd5 exd5 12. b4 a6 13. Bb2 Nb6 14. Nd2 Qe7 15.
Rfe1 Ne4 16. Ncxe4 dxe4 17. Qc2 Rad8 18. Nc4 Nxc4 19. Qxc4 Bb8 20. g3 Rd5 21.
Kg2 h5 22. h4 Qf6 23. Qe2 Qg6 24. Kh3 Re6 25. Rg1 Rf6 26. Raf1 Rf3 27. Qe1 1-0

[Event "Challenge #02"]
[Site "http://www.queenalice.com/game.php?id=659060"]
[Date "2009.9.27"]
[Round "-"]
[White "Silver_Mosquito"]
[Black "Aylton"]
[Result "0-1"]
[WhiteElo "2186"]
[BlackElo "1936"]

1. d4 Nf6 2. c4 e6 3. Nc3 d5 4. Nf3 h6 5. Bf4 a6 6. e3 c5 7. cxd5 exd5 8. Bd3
Nc6 9. h3 c4 10. Bc2 Be6 11. O-O Bd6 12. Bxd6 Qxd6 13. a3 O-O 14. Nh4 b5 15. Qf3
Qd7 16. Nf5 Ne7 17. g4 Bxf5 18. gxf5 a5 19. Kh1 b4 20. axb4 axb4 21. Na4 Qc6 22.
Nc5 b3 23. Rxa8 Rxa8 24. Bb1 Ra1 25. Rg1 Qc8 26. e4 dxe4 27. Nxe4 Nxe4 28. Qxe4
Qc6 0-1

[Event "AUTO-MASTER-1013"]
[Site "http://www.queenalice.com/game.php?id=713745"]
[Date "2010.1.14"]
[Round "1"]
[White "HILITO"]
[Black "Silver_Mosquito"]
[Result "1/2-1/2"]
[WhiteElo "2102"]
[BlackElo "2194"]

1. e4 c5 2. Nf3 Nc6 3. d3 g6 4. g3 Bg7 5. Bg2 e6 6. c3 d5 7. Nbd2 Nge7 8. O-O
O-O 9. Re1 d4 10. c4 e5 11. a3 h6 12. Nf1 Bg4 13. h3 Be6 14. Kh2 Kh7 15. Bd2 a5
16. Qc2 Nc8 17. Nh4 f5 18. exf5 Bxf5 19. Re2 Nd6 20. Nxf5 Nxf5 21. Rae1 Qc7 22.
Be4 Rae8 23. Qc1 Nd6 24. f4 Nxe4 25. Rxe4 Qf7 26. Qd1 exf4 27. gxf4 h5 28. Ng3
Bh6 29. f5 gxf5 30. Rxe8 Rxe8 31. Rxe8 Qxe8 32. Bxh6 Kxh6 33. Nxf5+ Kg5 34. Ng3
Ne5 35. Ne4+ Kf4 36. Qc2 Nf3+ 37. Kh1 Qg6 38. Qc1+ Ke5 39. Qf1 Kf4 40. Qc1+ Ke5
41. Qf1 Kf4 42. Qc1+ 1/2-1/2

[Event "AUTO-MASTER-1013"]
[Site "http://www.queenalice.com/game.php?id=713746"]
[Date "2010.1.14"]
[Round "1"]
[White "Silver_Mosquito"]
[Black "HILITO"]
[Result "1-0"]
[WhiteElo "2196"]
[BlackElo "2072"]

1. d4 c6 2. c4 d5 3. Nc3 Nf6 4. Nf3 Bf5 5. cxd5 Nxd5 6. Nd2 Nxc3 7. bxc3 Nd7 8.
e4 Bg6 9. f4 h6 10. Bd3 e6 11. O-O Bd6 12. Nc4 Bc7 13. Ba3 b6 14. f5 exf5 15.
exf5 Bh7 16. Qe2+ 1-0

[Event "AUTO-MASTER-1013"]
[Site "http://www.queenalice.com/game.php?id=713759"]
[Date "2010.1.14"]
[Round "1"]
[White "Artking"]
[Black "Silver_Mosquito"]
[Result "0-1"]
[WhiteElo "1943"]
[BlackElo "2191"]

1. d4 d5 2. c4 c6 3. Nc3 Nf6 4. Nf3 e6 5. Bg5 dxc4 6. e4 b5 7. e5 h6 8. Bh4 g5
9. exf6 gxh4 10. Ne5 Qxf6 11. Ne4 Bb4+ 12. Ke2 Qf4 13. f3 Bb7 14. g3 Qf5 15. a3
Be7 16. Ke3 h5 17. b3 f6 18. bxc4 fxe5 19. cxb5 Nd7 20. bxc6 Bxc6 21. Bd3 exd4+
22. Kf2 Qd5 23. Qd2 Nc5 24. Rac1 Rf8 25. Rhe1 Rb8 26. Rc4 Nxd3+ 27. Qxd3 Bb5 28.
Rb1 Kd7 29. Rxb5 Qxb5 30. Ke2 e5 0-1

[Event "AUTO-MASTER-1013"]
[Site "http://www.queenalice.com/game.php?id=713760"]
[Date "2010.1.14"]
[Round "1"]
[White "Silver_Mosquito"]
[Black "Artking"]
[Result "1-0"]
[WhiteElo "2204"]
[BlackElo "2036"]

1. d4 Nf6 2. c4 g6 3. Nc3 Bg7 4. e4 d6 5. f3 O-O 6. Be3 e5 7. d5 a6 8. Bd3 Nbd7
9. Nge2 Kh8 10. b4 Ne8 11. O-O f5 12. c5 f4 13. Bf2 Ndf6 14. Qc2 g5 15. h3 Nh5
16. Rfb1 Bd7 17. a4 Nef6 18. b5 Qc8 19. h4 g4 20. Kf1 gxf3 21. gxf3 Ng3+ 22. Ke1
Bh6 23. Kd2 Bg4 24. Ng1 Bh5 25. bxa6 bxa6 26. cxd6 cxd6 27. Rb6 Qc7 28. Rc6 Qa5
29. Bb6 Nfxe4+ 30. Bxe4 Nxe4+ 31. Qxe4 Rab8 32. Bxa5 Rb2+ 33. Ke1 Rg8 34. Nce2
Bg6 35. Qc4 Bf8 36. Bc3 Rc2 37. Ra2 1-0

[Event "AUTO-MASTER-1013"]
[Site "http://www.queenalice.com/game.php?id=713769"]
[Date "2010.1.14"]
[Round "1"]
[White "Silver_Mosquito"]
[Black "bukbuk"]
[Result "0-1"]
[WhiteElo "2224"]
[BlackElo "2222"]

1. d4 d5 2. c4 dxc4 3. e4 b5 4. Nc3 c6 5. a4 a6 6. axb5 cxb5 7. Nxb5 Nc6 8. d5
Na5 9. Nd4 Bd7 10. Bd2 Nb3 11. Nxb3 cxb3 12. Qxb3 e6 13. Bc4 Rb8 14. Qc2 Bb5 15.
b3 exd5 16. exd5 Nf6 17. Qf5 Bd6 18. Ne2 O-O 19. O-O Re8 20. Nd4 Be5 21. Ba5 Qd6
22. Rad1 Bxh2+ 23. Kh1 Re5 24. Qf3 Rh5 25. Rfe1 Be5+ 26. Kg1 Bxd4 27. Rxd4 Qh2+
28. Kf1 Bxc4+ 29. bxc4 Qh1+ 30. Ke2 Re5+ 0-1

[Event "AUTO-MASTER-1013"]
[Site "http://www.queenalice.com/game.php?id=713770"]
[Date "2010.1.14"]
[Round "1"]
[White "bukbuk"]
[Black "Silver_Mosquito"]
[Result "1-0"]
[WhiteElo "2423"]
[BlackElo "2155"]

1. e3 d5 2. d4 Nf6 3. Nf3 Bg4 4. Be2 e6 5. Ne5 Bxe2 6. Qxe2 Nbd7 7. Nd2 Nxe5 8.
dxe5 Nd7 9. Nf3 c5 10. O-O Qc7 11. e4 d4 12. Bf4 Be7 13. b3 O-O 14. Rac1 Qa5 15.
a4 Rfd8 16. Nd2 Nb6 17. Qg4 Rac8 18. Bh6 Bf8 19. Bg5 Rd7 20. Rfd1 c4 21. Nf3 Qc5
22. h3 Kh8 23. Bd2 Rcc7 24. b4 Qc6 25. b5 Qc5 26. Ba5 Rc8 27. Ra1 c3 28. Bxb6
Qxb6 29. Qh5 Kg8 30. Ne1 Rc4 31. Qe2 Rdc7 32. Kh2 Qa5 33. Nd3 Rxa4 34. Rxa4 Qxa4
35. Rb1 a6 36. b6 Rc6 37. Qd1 Qa5 38. f4 Rxb6 39. Rxb6 Qxb6 40. f5 Qc7 41. Kg3
exf5 42. exf5 f6 43. Kf4 fxe5+ 44. Nxe5 Bd6 45. Qxd4 Bxe5+ 46. Qxe5 Qxe5+ 47.
Kxe5 b5 48. Kd4 b4 49. g4 g6 50. fxg6 hxg6 51. Kc4 a5 52. h4 Kf7 53. Kb3 Kf6 54.
Ka4 Ke5 55. h5 gxh5 56. gxh5 Kf5 57. h6 Kg6 58. Kxa5 b3 59. cxb3 c2 60. h7 Kxh7
61. b4 1-0

[Event "AUTO-MASTER-1017"]
[Site "http://www.queenalice.com/game.php?id=715635"]
[Date "2010.1.17"]
[Round "1"]
[White "jahhaj"]
[Black "Silver_Mosquito"]
[Result "0-1"]
[WhiteElo "2068"]
[BlackElo "2212"]

1. d4 d5 2. c4 c6 3. Nc3 Nf6 4. Nf3 e6 5. Bg5 dxc4 6. e4 b5 7. e5 h6 8. Bh4 g5
9. Nxg5 hxg5 10. Bxg5 Nbd7 11. g3 Qb6 12. exf6 Bb7 13. Bg2 c5 14. d5 O-O-O 15.
O-O b4 16. Rb1 Qa6 17. dxe6 Bxg2 18. e7 Bxf1 19. Qd5 Bxe7 0-1

[Event "AUTO-MASTER-1017"]
[Site "http://www.queenalice.com/game.php?id=715636"]
[Date "2010.1.17"]
[Round "1"]
[White "Silver_Mosquito"]
[Black "jahhaj"]
[Result "1-0"]
[WhiteElo "2215"]
[BlackElo "2121"]

1. d4 d5 2. c4 c6 3. Nc3 Nf6 4. Nf3 a6 5. e3 b5 6. b3 Bg4 7. Be2 Nbd7 8. O-O Qb8
9. h3 Bh5 10. Nh2 Bxe2 11. Qxe2 e6 12. a4 b4 13. Nd1 Bd6 14. f4 Ne4 15. Qf3 a5
16. Ng4 O-O 17. Ne5 1-0

[Event "AUTO-MASTER-1017"]
[Site "http://www.queenalice.com/game.php?id=715653"]
[Date "2010.1.17"]
[Round "1"]
[White "Silver_Mosquito"]
[Black "Artking"]
[Result "1-0"]
[WhiteElo "2191"]
[BlackElo "1753"]

1. d4 Nf6 2. c4 g6 3. Nc3 Bg7 4. e4 d6 5. f3 O-O 6. Be3 e5 7. d5 Nbd7 8. Qd2 a6
9. O-O-O b6 10. Nge2 Qe8 11. Kb1 b5 12. cxb5 axb5 13. Nxb5 Qd8 14. Rc1 Ne8 15.
Nec3 f5 16. Na7 Bb7 17. Bb5 Nc5 18. Nc6 Bxc6 19. Bxc6 Rb8 20. Bb5 fxe4 21. Bxc5
dxc5 22. fxe4 Nd6 23. Bd3 c4 24. Bc2 Rb7 25. Ka1 Qb8 26. Rb1 Qa7 27. a3 Rfb8 28.
h4 Nb5 29. Nxb5 Rxb5 30. Rh3 Bf8 31. h5 Bxa3 32. Rxa3 Qb6 33. Qc3 Qd6 34. Ka2
Kg7 35. Ba4 R5b6 36. Qxc4 Rb4 37. Qd3 Qb6 38. Qc2 Qd4 39. Qxc7+ Kh6 40. Qc2 Kxh5
41. Bc6 Qxe4 42. Qxe4 Rxe4 43. Ra7 h6 44. b3 Rd4 45. Re7 1-0

[Event "AUTO-MASTER-1017"]
[Site "http://www.queenalice.com/game.php?id=715654"]
[Date "2010.1.17"]
[Round "1"]
[White "Artking"]
[Black "Silver_Mosquito"]
[Result "0-1"]
[WhiteElo "1961"]
[BlackElo "2211"]

1. Nf3 d5 2. d4 Nf6 3. c4 c6 4. Nc3 e6 5. e3 Nbd7 6. Bd3 dxc4 7. Bxc4 b5 8. Bd3
Bb7 9. O-O a6 10. e4 c5 11. d5 c4 12. Bc2 Qc7 13. a3 Bd6 14. h3 O-O 15. Re1 Rfe8
16. Bg5 exd5 17. exd5 h6 18. Bh4 Rxe1+ 19. Nxe1 Re8 20. Rc1 g5 21. Bg3 Bxg3 22.
fxg3 Qxg3 23. Nf3 Qf4 24. Ne2 Qe3+ 0-1

[Event "AUTO-MASTER-1017"]
[Site "http://www.queenalice.com/game.php?id=715655"]
[Date "2010.1.17"]
[Round "1"]
[White "Silver_Mosquito"]
[Black "danbots5k"]
[Result "1/2-1/2"]
[WhiteElo "2190"]
[BlackElo "2338"]

1. d4 Nf6 2. c4 g6 3. Nc3 Bg7 4. e4 d6 5. f3 O-O 6. Be3 c6 7. Qd2 e6 8. Bd3 a5
9. Nge2 a4 10. O-O e5 11. d5 Re8 12. Bc2 a3 13. b4 Nh5 14. Rfd1 Bf8 15. c5 cxd5
16. exd5 Nf4 17. Ne4 f5 18. Nxd6 Nxe2+ 19. Qxe2 Bxd6 20. cxd6 Nd7 21. Bb3 Qf6
22. Rac1 Qxd6 23. Bc5 Qf6 24. d6+ Kg7 25. Bd5 Rb8 26. Ba7 Ra8 27. Bc5 Rb8 28.
Ba7 Ra8 29. Bc5 Rb8 30. Ba7 Ra8 1/2-1/2

[Event "AUTO-MASTER-1017"]
[Site "http://www.queenalice.com/game.php?id=715656"]
[Date "2010.1.17"]
[Round "1"]
[White "danbots5k"]
[Black "Silver_Mosquito"]
[Result "1-0"]
[WhiteElo "2070"]
[BlackElo "2151"]

1. d4 d5 2. c4 c6 3. e3 Nf6 4. Nc3 e6 5. Nf3 Nbd7 6. cxd5 exd5 7. a3 Bd6 8. Bd3
O-O 9. O-O Re8 10. h3 Ne4 11. Qb3 Ndf6 12. Rd1 Qe7 13. Qc2 Bf5 14. Nh4 Bg6 15.
Nxg6 hxg6 16. b4 a6 17. Bxe4 Nxe4 18. f3 Nxc3 19. Qxc3 Qh4 20. Qe1 Bg3 21. Qf1
Re6 22. Rd3 Rae8 23. Bd2 g5 24. Qe2 Bc7 25. Be1 Qf4 26. Bf2 Qh2+ 27. Kf1 f5 28.
Bg1 Qd6 29. Qa2 Kh8 30. Rdd1 Qe7 31. Rd3 f4 32. Qb3 fxe3 33. Ke2 Bf4 34. Rc1 Qf6
35. Qd1 Qh6 36. Qe1 Qh4 37. Qf1 Kh7 38. Rcc3 Kg6 39. a4 R8e7 40. g4 Re8 41. Qg2
Rh8 42. b5 axb5 43. axb5 Qxh3 44. Qxh3 Rxh3 45. Bxe3 Rh2+ 46. Kd1 Kf6 47. bxc6
bxc6 48. Bd2 Ke7 49. Bxf4 gxf4 50. Rd2 Rh1+ 51. Kc2 Kd6 52. Kb2 Ree1 53. Kb3
Rhf1 54. Rdd3 Re2 55. Rc2 Re3 56. Rxe3 1-0

[Event "AUTO-OPEN-1174"]
[Site "http://www.queenalice.com/game.php?id=756195"]
[Date "2010.4.4"]
[Round "3"]
[White "jiujitsubr"]
[Black "Silver_Mosquito"]
[Result "1-0"]
[WhiteElo "1912"]
[BlackElo "2194"]

1. d4 d5 2. c4 c6 3. Nc3 Nf6 4. e3 e6 5. Bd3 Nbd7 6. Nge2 dxc4 7. Bxc4 b5 8. Bd3
a6 9. O-O Bb7 10. f3 c5 11. dxc5 Bxc5 12. Kh1 Ne5 13. Bc2 1-0

[Event "AUTO-OPEN-1174"]
[Site "http://www.queenalice.com/game.php?id=756196"]
[Date "2010.4.4"]
[Round "3"]
[White "Silver_Mosquito"]
[Black "jiujitsubr"]
[Result "0-1"]
[WhiteElo "2174"]
[BlackElo "1939"]

1. d4 Nf6 2. c4 g6 3. Nc3 Bg7 4. e4 d6 5. f3 O-O 6. Be3 Nbd7 7. Qd2 c5 8. d5 Ne5
9. b3 a6 10. Bd3 Bd7 11. Nge2 Rb8 12. O-O b5 0-1